Policy makers and critics (Record no. 479577)

000 -LEADER
fixed length control field 00327cam a22001217a 4500
008 - FIXED-LENGTH DATA ELEMENTS--GENERAL INFORMATION
fixed length control field 180718b1976 xxu||||| |||| 00| 0 eng d
082 ## - DEWEY DECIMAL CLASSIFICATION NUMBER
Classification number D C84
245 ## - TITLE STATEMENT
Title Policy makers and critics
Statement of responsibility, etc. Cecil V. Crabb
260 ## - PUBLICATION, DISTRIBUTION, ETC.
Place of publication, distribution, etc. Ne York
Name of publisher, distributor, etc. Praeger
Date of publication, distribution, etc. 1976
300 ## - PHYSICAL DESCRIPTION
Extent 229p.
650 ## - SUBJECT ADDED ENTRY--TOPICAL TERM
Topical term or geographic name entry element Economic Development
650 ## - SUBJECT ADDED ENTRY--TOPICAL TERM
Topical term or geographic name entry element Asia - Econ. Conditions
Holdings
Withdrawn status Lost status Damaged status Not for loan Permanent Location Current Location Date acquired Full call number Barcode Date last seen Price effective from Koha item type
        Indian Institute of Public Administration Indian Institute of Public Administration 2018-08-04 D C84 GR17112 2018-08-04 2018-08-04 GR
        Indian Institute of Public Administration Indian Institute of Public Administration 2018-08-04 D C84 GR1711 2018-08-04 2018-08-04 GR

Powered by Koha